000 00478nam a22001697a 4500
001 00028490
005 20260307084716.0
008 260307b ag ||||| |||| 00| 0 spa d
040 _bspa
_cAR-CcCEOS
080 _a850-3
090 _bHAL
100 _aJ. D. Halloran
_9805
245 _aLos efectos de las comunicaciones de masas /
_b
_cJ. D. Halloran ... [et.al.]
260 _aBuenos Aires :
_bJorge Alvarez,
_cc1969.
300 _a142 p. ;
_c24x15 cm.
942 _2udc
_cBK
999 _c28519
_d28519
945 _a66467
_bMelina Rolando
_c66467
_dMelina Rolando